000
00228nam a22000857a 4500
008
161108b xxu||||| |||| 00| 0 eng d
100
_9
1107
_a
Achaya K. T
245
_a
Yours food and you
260
_a
New Delhi
_b
National Book Trust
_c
2006
999
_c
3768
_d
3768